Регионална библиотека "Любен Каравелов" - Русе

Шумът на върбите (Запис номер 133616)

MARC детайли
000 -Лидер
Контролно поле с фиксирана дължина 01853nam a2200409 c 4500
003 - Код на организацията, давaща контролен номер
Контролно поле BLK
005 - Дата и час на последна редакция
Контролно поле 20240608164317.0
008 - Елементи от данни с фиксирана дължина
fixed length control field 180409b bul|||||r ||||||| ||bul||
010 ## - Наследен системен номер
LC control number KNG00139516000
020 ## - Международен стандартен номер на книга ISBN
Международен стандартен номер на книга ISBN 978-954-8657-89-1
-- издат.: Enthusiast
040 ## - Източник на каталожния запис
Идентификатор на билиотеката - собственик на записа BLK
041 ## - Код за език
Код за езика на текст/звукозапис или на отделно заглавие Български
Код за езика КДБФ Български
072 #7 - Код за тематичната категория
Код организация bullib
Код за тематична категория Н85
Текст Детска художествена литература Н
080 ## - УДК
Текстов определител УДК Английска литература
УДК код - определител по УДК 821.111
УДК определител -93-31
УДК - код + определител 821.111-93-31
100 1# - Редна дума - Автор
Автор Греъм, Кенет
Авторска отговорност първи автор
R(LIN) 378560
139 ## - Редно поле
Редна дума Греъм, Кенет
Авторски знак Грек - Г 80
245 10 - Сведения за заглавието
Заглавие Шумът на върбите
Редно поле (дума) Кенет Греъм; прев. от англ. Богдан Боянов Атанасов; прев. от англ. Христина Василева Атанасова; худож. Виктор Вертер Паунов.
250 ## - Област на изданието
Сведения за изданието 3. изд.
257 ## - Страна на издаване
Страна на създаване/издаване Великобритания
260 ## - Област на издателските данни
-- София
Име на издателя, разпространителя и проч. Enthusiast
Година на издаване 2011
Печатница София : Хеликс прес
300 ## - Физическа характеристика
Страници 280 с.
Илюстрации и др. с ил.
Размери/Мащаб 20 см
380 ## - Жанр
Жанр Худож. лит.
500 ## - Общи забележки
Забележка 1. изд. 1981 на изд. Отечество в библ. Вълшебници. - Ориг. загл. The Wind in the Willows / Kenneth Grahame.
653 ## - Ключова дума – ненормативна
Ключова дума романи
653 ## - Ключова дума – ненормативна
Ключова дума литература за деца
653 ## - Ключова дума – ненормативна
Ключова дума детска литература
659 ## - Тематичен бюлетин
Тематичен бюлетин Н
700 1# - Други автори (авторска отговорност)
Лично име Атанасов, Богдан Боянов
Автороска отговорност (Описва отношението между автора и произведението) прев. от англ.
9 (RLIN) 323990
700 1# - Други автори (авторска отговорност)
Лично име Атанасова, Христина Василева
Автороска отговорност (Описва отношението между автора и произведението) прев. от англ.
9 (RLIN) 256175
700 1# - Други автори (авторска отговорност)
Лично име Паунов, Виктор Вертер
Автороска отговорност (Описва отношението между автора и произведението) худож.
9 (RLIN) 371567
852 ## - Местоположение
Форматна сигнатура Цб 258304
856 4# - Електронен адрес и достъп
Електронен формат pdf - файл
Път до файла /url/
856 4# - Електронен адрес и достъп
Електронен формат pdf - файл
Път до файла /url/
942 ## - АРТИКУЛИ
Вид на библиотечния материал Книги
Скрит в OPAC Не
Koha issues (borrowed), all copies 3
944 ## - СЪЗДАВАНЕ И РЕДАКЦИЯ на ЗАПИСА
Създаване/Редакция Създаване
Дата на регистрацията/редакция 14.02.2013
Статус, дата на статуса Кръстинка Христова
Служител, извършил регистрацията/редакцията 30539
944 ## - СЪЗДАВАНЕ И РЕДАКЦИЯ на ЗАПИСА
Създаване/Редакция Редакция
Дата на регистрацията/редакция 22.08.2014
Статус, дата на статуса ф /
Служител, извършил регистрацията/редакцията
999 ## - СИСТЕМНИ КОНТРОЛНИ НОМЕРА
Koha biblionumber 133616
Koha biblioitemnumber 133616
Наличности
Код за отписване Код за изгубен артикул Код за повреда Коз за рестрикции Код за отдаване Артикулен № Име на библиотеката - собственик Име на библиотеката, в която се намира в момента Статус (Текущо местоположение) Дата на вписване в системата Местоположение - отдел Цена в лева Инвентарен номер Систематично азбучна сигнатура Баркод Номер на екземпляра Цена в евро Служебна бележка Служебен тип на артикула
  Не е изгубен Не е повреден без рестрикции ползва се в читалня 218023 Регионална библиотека "Любен Каравелов" Русе Регионална библиотека "Любен Каравелов" Русе Хранилище 2013-02-14 Хранилище 12.00 120000763950 Цб 258304 120000763950 1 6.14 Дост: Dp Вид: Д N: 44 Дата: 31.10.2011 Книги
  Не е изгубен Не е повреден без рестрикции заемане за дома 218024 Регионална библиотека "Любен Каравелов" Русе Регионална библиотека "Любен Каравелов" Русе Детски отдел 2014-05-31 Детски отдел 12.00 120000777654 ДХ 820/899/Г 80 120000777654 2 6.14 Дост: DA Вид: А N: 8 Дата: 31.05.2014 Дата инв: 06.08.2015 Бележки инв: Д2015 Книги
Vip Innovations Ltd, Rousse, Bulgaria 2025